Score 0/12 Timer 10:00
0 Plays Today
% Correct
X is nearer to the foe's goal line than the ball and the penultimate opponent.
97.3%
No special free kick rules. X is nearer to foe's goal line than the ball + defender.
86.9%
The ball is closer to the foe's goal line than X is, so X isn't in an offside position.
86.5%
X didn't touch the ball, interfere with a player, nor gain advantage from position.
84.6%
X is nearer to the foe's goal line than the ball and the penultimate opponent.
81.5%
It isn't offside! You can't be in an offside position on your own half of the field.
75.5%
A player received the ball from an opponent, who deliberately played the ball.
73.4%
There is no offside offence if a player receives the ball directly from a throw-in.
72.2%
X interfered with the opponent by blocking the goalkeeper's line of vision.
67.5%
X takes advantage by being in an offside position, this is an offside offence.
60.7%
X gained an advantage of his offside position the moment the ball was played.
50%
There is no offside offence if a player receives the ball directly from a goal kick.
45.7%
Remove Ads.
Support Sporcle.
Get the best of Sporcle when you Go Orange. This ad-free experience offers more features, more stats, and more fun while also helping to support Sporcle. Thank you for becoming a member.

You're not logged in!

Compare scores with friends on all Sporcle quizzes.
OR
Log In

Show Comments

Extras

Top Quizzes Today


Score Distribution

Your Account Isn't Verified!

In order to create a playlist on Sporcle, you need to verify the email address you used during registration. Go to your Sporcle Settings to finish the process.

Report this User

Report this user for behavior that violates our Community Guidelines.

Details: